A01_市町村の人口×面積ランキングTOP100 - Statistics

General Stats
  • This quiz has been taken 153 times
  • The average score is 94 of 100
Answer Stats
順位 都道府
県名
人口×
面積
(万人*
km^2)
人口
(万人)
面積
(km^2)
市町村名 % Correct
1 北海道 219423 195.7 1121.3 札幌市
99%
2 神奈川県 164384 375.3 438.0 横浜市
99%
5 広島県 106878 117.9 906.7 広島市
99%
6 静岡県 95692 67.8 1411.9 静岡市
99%
7 宮城県 83853 106.6 786.4 仙台市
99%
8 兵庫県 83581 150.0 557.1 神戸市
99%
9 愛知県 75021 229.8 326.5 名古屋市
99%
10 大阪府 62138 275.8 225.3 大阪市
99%
3 静岡県 122933 78.9 1558.1 浜松市
98%
4 京都府 114202 138.0 827.8 京都市
98%
11 新潟県 55740 76.8 726.2 新潟市
98%
12 岡山県 55192 69.9 790.0 岡山市
98%
13 福岡県 54746 159.4 343.5 福岡市
98%
14 富山県 50473 40.6 1241.7 富山市
98%
15 福岡県 45371 92.1 492.5 北九州市
98%
17 福島県 37803 30.7 1232.5 いわき市
98%
18 鹿児島県 32585 59.5 547.6 鹿児島市
98%
20 埼玉県 29245 134.5 217.4 さいたま市
98%
21 熊本県 28561 73.2 390.3 熊本市
98%
22 兵庫県 28112 52.6 534.6 姫路市
98%
23 秋田県 26939 29.7 906.1 秋田市
98%
27 北海道 23958 32.0 747.7 旭川市
98%
36 栃木県 21502 51.6 416.9 宇都宮市
98%
40 福島県 20569 26.8 767.7 福島市
98%
16 愛知県 38237 41.6 918.3 豊田市
97%
19 長野県 30518 36.6 834.8 長野市
97%
24 千葉県 26603 97.9 271.8 千葉市
97%
26 岩手県 24847 28.0 886.5 盛岡市
97%
32 長野県 23041 23.5 978.5 松本市
97%
37 愛媛県 21477 50.0 429.4 松山市
97%
41 三重県 19273 27.1 711.2 津市
97%
49 長崎県 16059 39.6 405.7 長崎市
97%
25 宮崎県 25576 39.7 643.6 宮崎市
96%
29 大分県 23847 47.5 502.4 大分市
96%
31 神奈川県 23611 71.8 328.9 相模原市
96%
34 青森県 22060 26.8 824.6 青森市
96%
35 神奈川県 21861 152.9 143.0 川崎市
96%
38 北海道 21474 15.8 1363.3 釧路市
96%
39 石川県 20862 44.5 468.8 金沢市
96%
42 山口県 19185 18.7 1023.2 山口市
96%
45 山口県 17692 24.7 716.3 下関市
96%
48 北海道 16284 24.0 677.9 函館市
96%
67 群馬県 10278 33.0 311.6 前橋市
96%
73 佐賀県 9847 22.8 431.8 佐賀市
96%
28 福島県 23864 31.5 757.2 郡山市
95%
50 滋賀県 15975 34.4 464.5 大津市
95%
60 島根県 11232 19.6 573.0 松江市
95%
62 栃木県 11079 7.6 1449.8 日光市
95%
68 長崎県 10092 23.7 426.0 佐世保市
95%
87 岐阜県 8163 40.1 203.6 岐阜市
95%
46 岡山県 16946 47.6 356.1 倉敷市
94%
47 群馬県 16891 36.8 459.2 高崎市
94%
52 香川県 15763 42.0 375.5 高松市
94%
55 鳥取県 13868 18.1 765.3 鳥取市
94%
56 福井県 13728 25.6 536.4 福井市
94%
58 大阪府 12242 81.7 149.8 堺市
94%
69 北海道 10062 16.2 619.3 帯広市
94%
75 高知県 9777 31.6 309.0 高知市
94%
77 愛知県 9660 36.9 262.0 豊橋市
94%
91 和歌山県 7445 35.6 208.9 和歌山市
94%
93 茨城県 7242 25.5 283.7 つくば市
94%
30 広島県 23722 45.8 517.7 福山市
93%
33 新潟県 23007 25.8 891.1 長岡市
93%
43 岐阜県 18135 8.3 2177.6 高山市
93%
51 北海道 15950 11.2 1427.4 北見市
93%
64 島根県 10776 17.3 624.3 出雲市
93%
66 東京都 10450 56.1 186.4 八王子市
93%
76 奈良県 9676 34.9 276.9 奈良市
93%
78 北海道 9371 16.7 561.7 苫小牧市
93%
79 山形県 9086 23.8 381.3 山形市
93%
83 青森県 8490 16.2 524.2 弘前市
93%
97 青森県 6667 21.8 305.6 八戸市
93%
100 三重県 6357 30.8 206.5 四日市市
93%
44 新潟県 17814 18.3 973.9 上越市
92%
53 山形県 15567 11.9 1311.5 鶴岡市
92%
54 愛知県 14865 38.4 387.2 岡崎市
92%
71 千葉県 9886 26.9 368.2 市原市
92%
92 広島県 7245 20.5 352.8 呉市
92%
57 岩手県 13513 10.8 1256.4 一関市
91%
65 宮崎県 10553 16.2 653.4 都城市
91%
95 福岡県 6934 30.2 230.0 久留米市
91%
70 宮崎県 10056 11.6 868.0 延岡市
90%
84 長野県 8418 15.2 552.0 上田市
90%
90 宮城県 7470 13.5 554.6 石巻市
90%
59 広島県 12101 19.1 635.2 東広島市
89%
63 岩手県 10901 11.0 993.3 奥州市
89%
85 熊本県 8288 12.2 681.3 八代市
89%
99 新潟県 6430 5.5 1174.2 村上市
89%
61 山口県 11079 12.7 873.7 岩国市
88%
74 三重県 9810 15.7 623.6 松阪市
88%
80 山口県 8937 13.6 656.3 周南市
88%
81 秋田県 8676 7.2 1209.6 由利本荘市
88%
86 岩手県 8275 9.1 908.4 花巻市
88%
96 栃木県 6884 11.6 592.7 那須塩原市
88%
88 滋賀県 7760 11.4 681.0 長浜市
87%
89 鹿児島県 7478 12.4 603.2 霧島市
87%
72 宮城県 9863 12.4 796.8 大崎市
86%
82 石川県 8504 11.3 754.9 白山市
86%
94 和歌山県 7029 6.8 1026.9 田辺市
86%
98 秋田県 6519 7.5 866.8 大仙市
84%
No matching quizzes found
Score Distribution
Percent of People with Each Score
Percentile by Number Answered
Your Score History
You have not taken this quiz